Pocket companion for Physical examination and health assessment / (Record no. 20421)
[ view plain ]
| 000 -LEADER | |
|---|---|
| fixed length control field | 01211cam a2200301 a 4500 |
| 001 - CONTROL NUMBER | |
| control field | 13415340 |
| 003 - CONTROL NUMBER IDENTIFIER | |
| control field | MUT |
| 005 - DATE AND TIME OF LATEST TRANSACTION | |
| control field | 20240606081517.0 |
| 008 - FIXED-LENGTH DATA ELEMENTS--GENERAL INFORMATION | |
| fixed length control field | 031124s2004 moua bf 001 0 eng |
| 010 ## - LIBRARY OF CONGRESS CONTROL NUMBER | |
| LC control number | 2003277396 |
| 020 ## - INTERNATIONAL STANDARD BOOK NUMBER | |
| International Standard Book Number | 0721697747 |
| 040 ## - CATALOGING SOURCE | |
| Transcribing agency | MUT |
| 050 00 - LIBRARY OF CONGRESS CALL NUMBER | |
| Classification number | RC 76 |
| Item number | .J374 2004 |
| 082 00 - DEWEY DECIMAL CLASSIFICATION NUMBER | |
| Classification number | 616.07/54 |
| Edition information | 22 |
| 100 1# - MAIN ENTRY--PERSONAL NAME | |
| Personal name | Jarvis, Carolyn. |
| 245 10 - TITLE STATEMENT | |
| Title | Pocket companion for Physical examination and health assessment / |
| 246 30 - VARYING FORM OF TITLE | |
| Title proper/short title | Physical examination and health assessment |
| 250 ## - EDITION STATEMENT | |
| Edition statement | 4th ed. |
| 260 ## - PUBLICATION, DISTRIBUTION, ETC. | |
| Place of publication, distribution, etc. | St. Louis, MO : |
| Name of publisher, distributor, etc. | Saunders, |
| Date of publication, distribution, etc. | c2004. |
| 300 ## - PHYSICAL DESCRIPTION | |
| Extent | 276 p. : |
| Other physical details | ill. (some col.) ; |
| Dimensions | 21 cm. |
| 504 ## - BIBLIOGRAPHY, ETC. NOTE | |
| Bibliography, etc. note | Includes bibliographical references (p. 261) and index. |
| 650 #0 - SUBJECT ADDED ENTRY--TOPICAL TERM | |
| Topical term or geographic name entry element | Nursing assessment |
| Form subdivision | Handbooks, manuals, etc. |
| 650 #0 - SUBJECT ADDED ENTRY--TOPICAL TERM | |
| Topical term or geographic name entry element | Medical history taking |
| Form subdivision | Handbooks, manuals, etc. |
| 700 1# - ADDED ENTRY--PERSONAL NAME | |
| Personal name | Jarvis, Carolyn. |
| Title of a work | Physical examination and health assessment. |
| 906 ## - LOCAL DATA ELEMENT F, LDF (RLIN) | |
| a | 7 |
| b | cbc |
| c | origcop |
| d | 3 |
| e | ncip |
| f | 20 |
| g | y-gencatlg |
| 942 ## - ADDED ENTRY ELEMENTS (KOHA) | |
| Source of classification or shelving scheme | Library of Congress Classification |
| Koha item type | Books |
| Withdrawn status | Lost status | Source of classification or shelving scheme | Damaged status | Not for loan | Home library | Current library | Shelving location | Date acquired | Source of acquisition | Total checkouts | Full call number | Barcode | Date last seen | Price effective from | Koha item type |
|---|---|---|---|---|---|---|---|---|---|---|---|---|---|---|---|
| Library of Congress Classification | Murang'a University of Technology Library | Murang'a University of Technology Library | General stacks | 30/10/2020 | Donation-TFC | RC 76 .J374 2004 | 027828 | 30/08/2024 | 30/10/2020 | Books |